000 00454nam a2200181Ia 4500
001 23535
005 20260414150943.0
008 260414t1973||||xx |||||||||||||| ||spa||
041 _aESP
082 _a660.284
_bM522 V. 1
100 _aMcCabe, Warren L.
_eAUT
245 0 _aOperaciones básicas de ingeniería química
_b
260 _c1973
300 _avii, 498 páginas :
_c21 cm.
650 _aTCA
654 _aCII
942 _cLIB
_dJUS
_fJUS
_2ddc
_n
999 _c23535
_d23535